Skip to content
Your Account
Log Out
Login
Language
English
Deutsch
Español
Français
Italiano
日本語
Nederlands
Português
Português (Brasil)
中文(简体)
中文(繁體)
Türkçe
עברית
Gaeilge
Cymraeg
Ελληνικά
Català
Euskara
Русский
Čeština
Suomi
Svenska
polski
Dansk
slovenščina
اللغة العربية
বাংলা
Galego
Tiếng Việt
Hrvatski
हिंदी
All Fields
Title
Author
Subject
Call Number
ISBN/ISSN
Tag
Find
Advanced
The fisher catalog - Fisher 19...
Staff View
Cite this
Email this
Print
Export Record
Export to RefWorks
Export to EndNoteWeb
Export to EndNote
Export to MARC
Export to MARCXML
Export to RDF
Export to BibTeX
Export to RIS
Save to List
The fisher catalog - Fisher 1993 - 1994
Saved in:
Bibliographic Details
Format:
Book
Language:
Undetermined
Published:
USA
Atlanta
1991
Subjects:
Catalue
Tags:
Add Tag
No Tags, Be the first to tag this record!
Institutions:
Trung tâm Học liệu Trường Đại học Cần Thơ
Holdings
Description
Comments
Similar Items
Staff View
LEADER
00370nam a2200145Ia 4500
001
CTU_23502
008
210402s9999 xx 000 0 und d
082
|a
016
082
|b
F533
245
4
|a
The fisher catalog - Fisher 1993 - 1994
260
|a
USA
260
|b
Atlanta
260
|c
1991
650
|a
Catalue
980
|a
Trung tâm Học liệu Trường Đại học Cần Thơ
Similar Items
Winter catalog 911
Published: (1937)
The fisher catalog 1991/1992
Published: (1992)
MFS: Micro filtration systems - Catalog 1989
Published: (1989)
Metrohm - programm 1992/1993
Published: (1992)
Plasticware 1994 - 1995
Published: (1995)
Loading...